| Art - Music/Opera | 11 | 10.00 | 82% | 18% | 0% |
| Art - Other | 3 | 20.00 | 100% | 67% | 33% |
| Art - Painting/Sculpture | 10 | 19.00 | 100% | 70% | 20% |
| Art - Visual | 1 | 20.00 | 100% | 100% | 0% |
| Current Events/Modern World - Rest of world political | 1 | 20.00 | 100% | 100% | 0% |
| Current Events/Modern World - Rest of world social | 1 | 10.00 | 100% | 0% | 0% |
| Geography - Europe | 1 | 10.00 | 100% | 0% | 0% |
| Geography - Mixed/any | 1 | 20.00 | 100% | 100% | 0% |
| Geography - United States | 1 | 0.00 | 0% | 0% | 0% |
| History - American | 8 | 16.25 | 88% | 50% | 25% |
| History - European | 6 | 13.33 | 100% | 33% | 0% |
| History - Other | 6 | 10.00 | 67% | 33% | 0% |
| History - World | 9 | 11.11 | 89% | 22% | 0% |
| Literature - American drama | 1 | 10.00 | 100% | 0% | 0% |
| Literature - American long fiction | 3 | 20.00 | 100% | 100% | 0% |
| Literature - American poetry | 1 | 10.00 | 100% | 0% | 0% |
| Literature - American short fiction | 1 | 10.00 | 100% | 0% | 0% |
| Literature - British any | 2 | 10.00 | 100% | 0% | 0% |
| Literature - British drama | 2 | 10.00 | 100% | 0% | 0% |
| Literature - British long fiction | 2 | 25.00 | 100% | 100% | 50% |
| Literature - British poetry | 1 | 10.00 | 100% | 0% | 0% |
| Literature - European any | 1 | 10.00 | 100% | 0% | 0% |
| Literature - European drama | 2 | 25.00 | 100% | 100% | 50% |
| Literature - European long fiction | 1 | 0.00 | 0% | 0% | 0% |
| Literature - European poetry | 3 | 16.67 | 100% | 67% | 0% |
| Literature - World/Misc any | 1 | 20.00 | 100% | 100% | 0% |
| Literature - World/Misc drama | 1 | 0.00 | 0% | 0% | 0% |
| Literature - World/Misc long fiction | 1 | 20.00 | 100% | 100% | 0% |
| Literature - World/Misc poetry | 3 | 20.00 | 100% | 67% | 33% |
| Literature - World/Misc short fiction | 1 | 20.00 | 100% | 100% | 0% |
| Mythology - Egyptian | 2 | 10.00 | 50% | 50% | 0% |
| Mythology - Greco/Roman | 2 | 20.00 | 100% | 100% | 0% |
| Mythology - Mixed/Any | 2 | 25.00 | 100% | 100% | 50% |
| Mythology - Norse | 1 | 10.00 | 100% | 0% | 0% |
| Other Academic/Cross-Category - Any | 1 | 30.00 | 100% | 100% | 100% |
| Philosophy - Ancient | 2 | 20.00 | 100% | 100% | 0% |
| Philosophy - Enlightenment | 1 | 20.00 | 100% | 100% | 0% |
| Philosophy - Medieval | 1 | 20.00 | 100% | 100% | 0% |
| Philosophy - Mixed/Any | 2 | 15.00 | 100% | 50% | 0% |
| Philosophy - Pre-20th | 2 | 10.00 | 100% | 0% | 0% |
| Religion - Buddhism | 1 | 20.00 | 100% | 100% | 0% |
| Religion - Christianity/Judaism | 1 | 10.00 | 0% | 100% | 0% |
| Religion - Hinduism | 2 | 10.00 | 100% | 0% | 0% |
| Religion - Islam | 1 | 10.00 | 100% | 0% | 0% |
| Religion - Mixed/Any | 1 | 20.00 | 100% | 100% | 0% |
| Science - Astronomy | 1 | 20.00 | 100% | 100% | 0% |
| Science - Biology | 8 | 13.75 | 88% | 50% | 0% |
| Science - Chemistry | 9 | 17.78 | 100% | 67% | 11% |
| Science - Compsci | 1 | 20.00 | 100% | 100% | 0% |
| Science - Earth | 1 | 30.00 | 100% | 100% | 100% |
| Science - Other | 4 | 15.00 | 100% | 50% | 0% |
| Science - Physics | 9 | 10.00 | 89% | 11% | 0% |
| Social Science - Anthropology | 2 | 0.00 | 0% | 0% | 0% |
| Social Science - Economics | 3 | 10.00 | 100% | 0% | 0% |
| Social Science - Mixed/Any | 2 | 0.00 | 0% | 0% | 0% |
| Social Science - Psychology | 2 | 20.00 | 100% | 50% | 50% |